[Event "Oberliga Wuerttemberg 2122"]
[Site "Wuerttemberg"]
[Date "2022.05.15"]
[Round "9.4"]
[White "Denisow, Jewgeny"]
[Black "Weber, Franz Josef"]
[Result "1-0"]
[WhiteElo "2163"]
[BlackElo "2057"]
[PlyCount "85"]
[EventDate "2021.09.19"]
[EventType "team-tourn"]
[EventRounds "9"]
[EventCountry "GER"]
[SourceTitle "EXT 2024"]
[Source "ChessBase"]
[SourceDate "2023.10.10"]
[SourceVersion "1"]
[SourceVersionDate "2023.10.10"]
[SourceQuality "1"]
[WhiteTeam "Schwaebisch Gmuend"]
[BlackTeam "Ulm Weisse Dame"]
[WhiteTeamCountry "GER"]
[BlackTeamCountry "GER"]

1. e4 d6 2. d4 Nf6 3. f3 Nc6 4. Be3 e5 5. dxe5 Nxe5 6. Nc3 Be7 7. Qd2 0-0 8. 0-0-0 Be6 9. g4 c5 10. g5 Nfd7 11. Nb5 Qb6 12. f4 Ng4 13. Nf3 Nxe3 14. Qxe3 Qa5 15. f5 Bxa2 16. Qa3 Qxa3 17. Nxa3 Ne5 18. f6 gxf6 19. Nxe5 fxe5 20. b3 Bxb3 21. cxb3 Bxg5+ 22. Kc2 Be7 23. Nc4 a5 24. Nxd6 Bxd6 25. Rxd6 a4 26. Bc4 b5 27. Rg1+ Kh8 28. Bxb5 axb3+ 29. Kxb3 f5 30. exf5 Rxf5 31. Bd3 Rf3 32. Kc4 Rc8 33. Be4 Rh3 34. Bf5 Rh4+ 35. Kd5 Re8 36. h3 e4 37. Re6 Rd8+ 38. Ke5 c4 39. Rg3 Rc8 40. Bxe4 c3 41. Bc2 Rb4 42. Re7 Rh4 43. Ke6 1-0

[Event "Oberliga Wuerttemberg 2122"]
[Site "Wuerttemberg"]
[Date "2021.10.31"]
[Round "2.4"]
[White "Denisow, Jewgeny"]
[Black "Tschlatscher, Thomas"]
[Result "1/2-1/2"]
[WhiteElo "2163"]
[BlackElo "2190"]
[PlyCount "59"]
[EventDate "2021.09.19"]
[EventType "team-tourn"]
[EventRounds "9"]
[EventCountry "GER"]
[SourceTitle "EXT 2023"]
[Source "ChessBase"]
[SourceDate "2022.10.05"]
[SourceVersion "1"]
[SourceVersionDate "2022.10.05"]
[SourceQuality "1"]
[WhiteTeam "Schwaebisch Gmuend"]
[BlackTeam "Heilbronn"]
[WhiteTeamCountry "GER"]
[BlackTeamCountry "GER"]

1. e4 e5 2. Nf3 Nc6 3. d4 exd4 4. Bc4 Nf6 5. Ng5 d5 6. exd5 Na5 7. Qxd4 Nxc4 8. Qxc4 Qxd5 9. Qe2+ Be7 10. 0-0 h6 11. Re1 Qd8 12. Nf3 a6 13. Nc3 Be6 14. Bf4 c5 15. Ne5 0-0 16. Nxf7 Bxf7 17. Qxe7 Qb6 18. Be5 Rae8 19. Qd6 Qxb2 20. Bxf6 gxf6 21. Nd5 Re6 22. Ne7+ Kh7 23. Qd3+ Kh8 24. Ng6+ Bxg6 25. Qxg6 Rfe8 26. Qxh6+ Kg8 27. Qg6+ Kf8 28. Qh6+ Kg8 29. Qg6+ Kf8 30. Qh6+ 1/2-1/2

[Event "Oberliga Wuerttemberg 1920"]
[Site "Wuerttemberg"]
[Date "2020.01.19"]
[Round "6.6"]
[White "Denisow, Jewgeny"]
[Black "Frick, Christoph"]
[Result "1-0"]
[WhiteElo "2131"]
[BlackElo "2092"]
[PlyCount "77"]
[EventDate "2019.09.15"]
[EventType "team-tourn"]
[EventRounds "9"]
[EventCountry "GER"]
[SourceTitle "EXT 2021"]
[Source "ChessBase"]
[SourceDate "2020.10.23"]
[SourceVersion "1"]
[SourceVersionDate "2020.10.23"]
[SourceQuality "1"]
[WhiteTeam "Schwaebisch Gmuend"]
[BlackTeam "Bebenhausen"]
[WhiteTeamCountry "GER"]
[BlackTeamCountry "GER"]

1. e4 c6 2. d4 d5 3. e5 Bf5 4. h4 h5 5. c4 e6 6. Nc3 Nd7 7. cxd5 cxd5 8. Bd3 Bxd3 9. Qxd3 Ne7 10. Nf3 a6 11. 0-0 Nb6 12. Bg5 Qd7 13. a4 Nc6 14. b3 Rc8 15. Na2 Ba3 16. Bd2 Be7 17. Ng5 Bxg5 18. hxg5 0-0 19. g3 g6 20. Kg2 Kg7 21. Rh1 Rh8 22. Rh4 Ne7 23. Rah1 Nf5 24. R4h3 Qc7 25. Ba5 Qc2 26. Qxc2 Rxc2 27. Nb4 Rb2 28. g4 Nxd4 29. Bxb6 Nxb3 30. Nd3 Ra2 31. Nf4 Rxa4 32. gxh5 gxh5 33. Nxh5+ Kg6 34. Nf4+ Rxf4 35. Rxh8 Kf5 36. Be3 Rg4+ 37. Kf3 d4 38. g6 dxe3 39. R8h5+ 1-0

[Event "Oberliga Wuerttemberg 1920"]
[Site "Wuerttemberg"]
[Date "2019.11.10"]
[Round "3.4"]
[White "Gustain, Marc"]
[Black "Denisow, Jewgeny"]
[Result "1-0"]
[WhiteElo "2129"]
[BlackElo "2131"]
[PlyCount "53"]
[EventDate "2019.09.15"]
[EventType "team-tourn"]
[EventRounds "9"]
[EventCountry "GER"]
[SourceTitle "EXT 2021"]
[Source "ChessBase"]
[SourceDate "2020.10.23"]
[SourceVersion "1"]
[SourceVersionDate "2020.10.23"]
[SourceQuality "1"]
[WhiteTeam "Deizisau"]
[BlackTeam "Schwaebisch Gmuend"]
[WhiteTeamCountry "GER"]
[BlackTeamCountry "GER"]

1. e4 c5 2. Nc3 d6 3. d4 cxd4 4. Qxd4 a6 5. b3 Nc6 6. Qd2 Nf6 7. Bb2 e6 8. 0-0-0 Be7 9. Kb1 b5 10. f3 Bb7 11. Nge2 Rc8 12. Nf4 Qa5 13. g4 Ne5 14. Bg2 Qb6 15. g5 Nfd7 16. Nh5 0-0 17. f4 Ng4 18. Rde1 g6 19. Ng3 e5 20. Bh3 f5 21. Nd5 Bxd5 22. Qxd5+ Kh8 23. exf5 Ne3 24. Rxe3 Qxe3 25. fxg6 Qf2 26. Rc1 Qxf4 27. g7+ 1-0

[Event "Oberliga Wuerttemberg 1819"]
[Site "Wuerttemberg"]
[Date "2019.02.03"]
[Round "6"]
[White "Denisow, Jewgeny"]
[Black "Henrichs, Thomas"]
[Result "0-1"]
[WhiteElo "2177"]
[BlackElo "2469"]
[PlyCount "82"]
[EventDate "2018.09.23"]
[EventType "team-tourn"]
[EventRounds "9"]
[EventCountry "GER"]
[SourceTitle "EXT 2020"]
[Source "ChessBase"]
[SourceDate "2019.10.17"]
[SourceVersion "1"]
[SourceVersionDate "2019.10.17"]
[SourceQuality "1"]
[WhiteTeam "Schwaebisch Gmuend"]
[BlackTeam "Weiler im Allgaeu"]
[WhiteTeamCountry "GER"]
[BlackTeamCountry "GER"]

1. e4 e5 2. Nf3 Nc6 3. c3 d5 4. Qa4 f6 5. d3 Be6 6. Be2 Nge7 7. 0-0 Nc8 8. b4 Nb6 9. Qc2 dxe4 10. dxe4 a5 11. b5 Nb8 12. Be3 N8d7 13. Rd1 Bd6 14. Nh4 g6 15. Nd2 Qe7 16. Nhf3 0-0 17. a4 Nc5 18. Bxc5 Bxc5 19. Nb3 Bd6 20. Ne1 Qf7 21. Nd2 Rfd8 22. Kh1 Bf8 23. Nd3 Kh8 24. f4 exf4 25. Nxf4 Bd6 26. Nxe6 Qxe6 27. Nf3 Re8 28. Bd3 Nd7 29. Re1 Nc5 30. Re2 Rad8 31. Rd1 Be5 32. Nxe5 fxe5 33. Rf2 Rd6 34. Be2 Rxd1+ 35. Bxd1 Rd8 36. Rd2 Rd6 37. Bf3 Kg7 38. h3 Rxd2 39. Qxd2 Qd6 40. Qa2 b6 41. c4 Qd4 0-1

[Event "Staufer op-A 30th"]
[Site "Schwaebisch Gmuend"]
[Date "2018.01.06"]
[Round "9"]
[White "Antal, Tibor Kende"]
[Black "Denisow, Jewgeny"]
[Result "1-0"]
[WhiteElo "2419"]
[BlackElo "2177"]
[PlyCount "73"]
[EventDate "2018.01.02"]
[EventType "swiss"]
[EventRounds "9"]
[EventCountry "GER"]
[SourceTitle "CBM 182 Extra"]
[Source "ChessBase"]
[SourceDate "2018.02.23"]
[SourceVersion "1"]
[SourceVersionDate "2018.02.23"]
[SourceQuality "1"]

1. e4 e5 2. Nc3 Nc6 3. g3 d6 4. Bg2 h5 5. d3 Bg4 6. Bf3 Bxf3 7. Nxf3 Be7 8. Nd5 Nf6 9. c4 Nd4 10. Nxd4 exd4 11. Nxf6+ Bxf6 12. h4 c6 13. Bf4 Qa5+ 14. Qd2 Qxd2+ 15. Kxd2 Be5 16. Bxe5 dxe5 17. f4 exf4 18. gxf4 f6 19. Rhg1 Kf7 20. c5 b5 21. Rg2 Rhg8 22. Rag1 Rae8 23. Rg6 Re6 24. Ke2 a5 25. Kf3 b4 26. b3 Re7 27. e5 fxe5 28. f5 a4 29. bxa4 Ra7 30. Rxc6 Rf8 31. Ke4 Re8 32. Rcg6 Rxa4 33. Rxg7+ Kf8 34. Rg8+ Kf7 35. R1g7+ Kf6 36. Rg6+ Kf7 37. R8g7+ 1-0

[Event "Oberliga Wuerttemberg 1718"]
[Site "Wuerttemberg"]
[Date "2017.09.17"]
[Round "1.5"]
[White "Tschlatscher, Thomas"]
[Black "Denisow, Jewgeny"]
[Result "1/2-1/2"]
[WhiteElo "2141"]
[BlackElo "2204"]
[PlyCount "36"]
[EventDate "2017.09.17"]
[EventType "team-tourn"]
[EventRounds "9"]
[EventCountry "GER"]
[SourceTitle "EXT 2019"]
[Source "ChessBase"]
[SourceDate "2018.10.10"]
[SourceVersion "1"]
[SourceVersionDate "2018.10.10"]
[SourceQuality "1"]
[WhiteTeam "Heilbronn"]
[BlackTeam "Schwaebisch Gmuend"]
[WhiteTeamCountry "GER"]
[BlackTeamCountry "GER"]

1. b3 Nf6 2. Bb2 d5 3. e3 e6 4. Nf3 Be7 5. d4 0-0 6. Bd3 b6 7. 0-0 Bb7 8. c4 dxc4 9. Bxc4 c5 10. Qe2 Qc7 11. Rc1 Nc6 12. Nbd2 Rad8 13. a3 Qb8 14. dxc5 Bxc5 15. b4 Bd6 16. Bb5 Ne5 17. Nxe5 Bxe5 18. Nf1 Rc8 1/2-1/2

[Event "Oberliga Wuerttemberg 1617"]
[Site "Wuerttemberg"]
[Date "2017.03.19"]
[Round "9.3"]
[White "Denisow, Jewgeny"]
[Black "Frick, Christoph"]
[Result "0-1"]
[WhiteElo "2224"]
[BlackElo "2238"]
[PlyCount "66"]
[EventDate "2016.09.25"]
[EventType "team-tourn"]
[EventRounds "11"]
[EventCountry "GER"]
[SourceTitle "EXT 2019"]
[Source "ChessBase"]
[SourceDate "2018.10.10"]
[SourceVersion "1"]
[SourceVersionDate "2018.10.10"]
[SourceQuality "1"]
[WhiteTeam "Schwaebisch Gmuend"]
[BlackTeam "Bebenhausen"]
[WhiteTeamCountry "GER"]
[BlackTeamCountry "GER"]

1. e4 c6 2. d4 d5 3. exd5 cxd5 4. Bd3 Nc6 5. Nf3 Bg4 6. c3 Nf6 7. 0-0 Qc7 8. Bg5 Ne4 9. Bh4 e6 10. Nbd2 Nxd2 11. Qxd2 Bxf3 12. gxf3 Bd6 13. Bg3 0-0-0 14. b4 h5 15. Kh1 Kb8 16. Rg1 g6 17. Rge1 Rc8 18. Rac1 h4 19. Bxd6 Qxd6 20. Bf1 h3 21. Qg5 Ne7 22. Bd3 Nc6 23. Bb5 Ka8 24. Qg3 Qd8 25. Bf1 Qh4 26. Bb5 Ne7 27. Bd3 Qf6 28. b5 Rh5 29. Re5 Rh4 30. Re3 Rxd4 31. b6 Qf4 32. bxa7 Kxa7 33. Qxh3 Rxd3 0-1

[Event "Oberliga Wuerttemberg 1617"]
[Site "Wuerttemberg"]
[Date "2016.09.25"]
[Round "1.4"]
[White "Denisow, Jewgeny"]
[Black "Oberst, Thomas"]
[Result "0-1"]
[WhiteElo "2224"]
[BlackElo "2293"]
[PlyCount "65"]
[EventDate "2016.09.25"]
[EventType "team-tourn"]
[EventRounds "11"]
[EventCountry "GER"]
[SourceTitle "EXT 2019"]
[Source "ChessBase"]
[SourceDate "2018.10.10"]
[SourceVersion "1"]
[SourceVersionDate "2018.10.10"]
[SourceQuality "1"]
[WhiteTeam "Schwaebisch Gmuend"]
[BlackTeam "Biberach"]
[WhiteTeamCountry "GER"]
[BlackTeamCountry "GER"]

1. e4 c5 2. d4 cxd4 3. c3 dxc3 4. Nxc3 Nc6 5. Nf3 d6 6. Bc4 a6 7. 0-0 Nf6 8. Qe2 Bg4 9. Rd1 Bxf3 10. gxf3 e6 11. Bf4 Nh5 12. Be3 Qf6 13. Bb3 Be7 14. Ba4 0-0 15. Bxc6 bxc6 16. Kh1 d5 17. Rg1 Bd6 18. Rad1 Qe5 19. f4 Nxf4 20. Qg4 f5 21. Qg3 Nh5 22. Qh4 fxe4 23. Rg5 Rf5 24. Qxh5 Rxg5 25. Bxg5 h6 26. Rg1 hxg5 27. Rxg5 Qf6 28. Rg2 Rf8 29. Qg4 Qh6 30. Ne2 Rf3 31. Ng1 Rf5 32. Qe2 Rg5 33. Rxg5 0-1

[Event "Oberliga Wuerttemberg 1516"]
[Site "Wuerttemberg"]
[Date "2016.01.31"]
[Round "6.5"]
[White "Denisow, Jewgeny"]
[Black "Bauer, Peter"]
[Result "1-0"]
[WhiteElo "2146"]
[BlackElo "2111"]
[PlyCount "77"]
[EventDate "2015.09.20"]
[EventType "team-tourn"]
[EventRounds "9"]
[EventCountry "GER"]
[SourceTitle "EXT 2019"]
[Source "ChessBase"]
[SourceDate "2018.10.10"]
[SourceVersion "1"]
[SourceVersionDate "2018.10.10"]
[SourceQuality "1"]
[WhiteTeam "Schwaebisch Gmuend"]
[BlackTeam "Boeblingen"]
[WhiteTeamCountry "GER"]
[BlackTeamCountry "GER"]

1. e4 d5 2. exd5 Nf6 3. d4 Bg4 4. Bb5+ c6 5. dxc6 Nxc6 6. f3 Bf5 7. Ne2 Qb6 8. Bxc6+ Qxc6 9. c3 0-0-0 10. 0-0 e5 11. Ng3 Be6 12. Re1 exd4 13. cxd4 Rxd4 14. Qe2 Bb4 15. Nc3 Rc4 16. Be3 Kb8 17. Qf2 a6 18. Rec1 Rc8 19. Nge2 Nd5 20. Nxd5 Qxd5 21. Rxc4 Qxc4 22. Rc1 Qxa2 23. Bf4+ Ka8 24. Rxc8+ Bxc8 25. Qd4 Qa5 26. Qxg7 Qd5 27. Kf2 Qd1 28. Qd4 Be1+ 29. Ke3 Qb3+ 30. Nc3 Qxb2 31. Kd3 Qxg2 32. Be3 Qg6+ 33. Ke2 b6 34. Kxe1 Kb7 35. Ne4 Kc7 36. Qe5+ Kc6 37. Qd4 Kc7 38. Bf4+ Kc6 39. Qc4+ 1-0

[Event "Oberliga Wuerttemberg 1516"]
[Site "Wuerttemberg"]
[Date "2015.12.13"]
[Round "4.4"]
[White "Denisow, Jewgeny"]
[Black "Thoma, Christian"]
[Result "1/2-1/2"]
[WhiteElo "2137"]
[BlackElo "2199"]
[PlyCount "31"]
[EventDate "2015.09.20"]
[EventType "team-tourn"]
[EventRounds "9"]
[EventCountry "GER"]
[SourceTitle "EXT 2019"]
[Source "ChessBase"]
[SourceDate "2018.10.10"]
[SourceVersion "1"]
[SourceVersionDate "2018.10.10"]
[SourceQuality "1"]
[WhiteTeam "Schwaebisch Gmuend"]
[BlackTeam "Schmiden Cannstatt"]
[WhiteTeamCountry "GER"]
[BlackTeamCountry "GER"]

1. e4 e5 2. Nf3 Nc6 3. d4 exd4 4. Bc4 Nf6 5. Ng5 d5 6. exd5 Na5 7. Qxd4 Nxc4 8. Qxc4 Qxd5 9. Qe2+ Be7 10. 0-0 Bg4 11. f3 Bf5 12. Nc3 Qc5+ 13. Be3 Qc6 14. Bd4 Kf8 15. Qe5 Bg6 16. Nge4 1/2-1/2

[Event "Oberliga Wuerttemberg 1516"]
[Site "Wuerttemberg"]
[Date "2015.09.20"]
[Round "1.3"]
[White "Maeurer, Christoph"]
[Black "Denisow, Jewgeny"]
[Result "1-0"]
[WhiteElo "2226"]
[BlackElo "2137"]
[PlyCount "141"]
[EventDate "2015.09.20"]
[EventType "team-tourn"]
[EventRounds "9"]
[EventCountry "GER"]
[SourceTitle "EXT 2019"]
[Source "ChessBase"]
[SourceDate "2018.10.10"]
[SourceVersion "1"]
[SourceVersionDate "2018.10.10"]
[SourceQuality "1"]
[WhiteTeam "Stuttgart SF"]
[BlackTeam "Schwaebisch Gmuend"]
[WhiteTeamCountry "GER"]
[BlackTeamCountry "GER"]

1. Nf3 b5 2. e4 Bb7 3. Bxb5 Bxe4 4. 0-0 Nf6 5. d4 e6 6. c4 Be7 7. Nc3 Bb7 8. Re1 0-0 9. Ba4 Ba6 10. Bb3 Nc6 11. c5 Rb8 12. d5 Nxd5 13. Nxd5 exd5 14. Qxd5 Nb4 15. Qh5 Bd3 16. Ne5 Bg6 17. Nxg6 hxg6 18. Qxg6 d5 19. cxd6 Qxd6 20. Qxd6 Bxd6 21. Be3 Nd3 22. Re2 Rfe8 23. Rd2 Nc5 24. Bxc5 Bxc5 25. Rd7 Re7 26. Rad1 Rbe8 27. g3 Rxd7 28. Rxd7 Re7 29. Rd8+ Kh7 30. Rd2 g6 31. Bc4 Kg7 32. Kg2 Re4 33. b3 Rd4 34. Re2 a5 35. a4 Bb4 36. Kf3 Rd2 37. Rxd2 Bxd2 38. Ke4 f6 39. Kd5 Bb4 40. Kc6 Bd6 41. h4 g5 42. Be2 Be5 43. h5 f5 44. b4 axb4 45. a5 Bd4 46. f3 g4 47. fxg4 fxg4 48. Bxg4 b3 49. Bf5 Kf6 50. g4 Kg5 51. Kxc7 b2 52. a6 b1Q 53. Bxb1 Kxg4 54. h6 Kg5 55. h7 Kh6 56. a7 Bxa7 57. h8Q+ Kg5 58. Qe5+ Kg4 59. Qf5+ Kg3 60. Be4 Bd4 61. Qf3+ Kh4 62. Qf4+ Kh3 63. Bg2+ Kxg2 64. Qxd4 Kf3 65. Kd6 Kg3 66. Ke5 Kf3 67. Qd3+ Kf2 68. Kf4 Ke1 69. Qc2 Kf1 70. Kf3 Ke1 71. Qc1# 1-0

[Event "Stuttgart-chA op"]
[Site "Ditzingen"]
[Date "2015.05.15"]
[Round "3"]
[White "Denisow, Jewgeny"]
[Black "Bosiocic, Marin"]
[Result "0-1"]
[WhiteElo "2170"]
[BlackElo "2563"]
[PlyCount "76"]
[EventDate "2015.05.14"]
[EventType "swiss"]
[EventRounds "7"]
[EventCountry "GER"]
[SourceTitle "EXT 2018"]
[Source "ChessBase"]
[SourceDate "2017.10.13"]
[SourceVersion "1"]
[SourceVersionDate "2017.10.13"]
[SourceQuality "1"]

1. e4 g6 2. h4 h6 3. Bc4 d6 4. d4 Bg7 5. f4 h5 6. Nf3 Nh6 7. Nc3 Bg4 8. Qd3 c6 9. Be3 0-0 10. 0-0-0 b5 11. Bb3 a5 12. a4 d5 13. axb5 a4 14. Ba2 a3 15. Bb3 dxe4 16. Nxe4 cxb5 17. Nc3 b4 18. Ne2 Bf5 19. Qb5 Ng4 20. Kd2 axb2 21. Qxb4 Nc6 22. Qc3 Na5 23. Qxb2 Rb8 24. Qa3 Nxb3+ 25. cxb3 Qd5 26. Nc3 Qxb3 27. Qxb3 Rxb3 28. Nd5 Be4 29. Nxe7+ Kh8 30. Rhe1 Rb2+ 31. Kc3 Rc2+ 32. Kb3 Rb8+ 33. Ka3 Bf8 34. d5 Bxe7+ 35. d6 Rc6 36. Bb6 Rcxb6 37. Rxe4 Bxd6+ 38. Ka2 Ra6+ 0-1

[Event "Stuttgart-chA op"]
[Site "Ditzingen"]
[Date "2015.05.15"]
[Round "4"]
[White "Pfeifer, Wilfried"]
[Black "Denisow, Jewgeny"]
[Result "1/2-1/2"]
[WhiteElo "2007"]
[BlackElo "2170"]
[PlyCount "105"]
[EventDate "2015.05.14"]
[EventType "swiss"]
[EventRounds "7"]
[EventCountry "GER"]
[SourceTitle "EXT 2018"]
[Source "ChessBase"]
[SourceDate "2017.10.13"]
[SourceVersion "1"]
[SourceVersionDate "2017.10.13"]
[SourceQuality "1"]

1. Nf3 b5 2. b3 Bb7 3. e3 a6 4. c4 bxc4 5. bxc4 e6 6. Bb2 Nf6 7. Be2 Be7 8. 0-0 0-0 9. d3 Nc6 10. Nbd2 d5 11. Ne5 Nd7 12. f4 Ndxe5 13. fxe5 d4 14. exd4 Nxd4 15. Bf3 Nxf3+ 16. Nxf3 Qd7 17. d4 c5 18. dxc5 Bxc5+ 19. Kh1 Qc6 20. Qe2 Rac8 21. Rac1 a5 22. Nd2 Be3 23. Rf3 Bh6 24. Rd3 Rfd8 25. Rcc3 Qxg2+ 26. Qxg2 Bxg2+ 27. Kxg2 Bxd2 28. Rxd8+ Rxd8 29. Rc2 Kf8 30. Ba3+ Bb4 31. Bxb4+ axb4 32. Rb2 Rb8 33. a3 b3 34. Kf3 Rc8 35. Rxb3 Rxc4 36. Rb8+ Ke7 37. Rb7+ Ke8 38. Rb8+ Kd7 39. Rf8 Ke7 40. Ra8 Rc7 41. a4 Kd7 42. Rh8 Kc6 43. Rxh7 g6 44. Kf4 Kd5 45. a5 g5+ 46. Kxg5 Kxe5 47. a6 Ra7 48. h4 f6+ 49. Kg6 Rxa6 50. h5 Ra1 51. Re7 Rh1 52. Kf7 Rxh5 53. Rxe6+ 1/2-1/2

[Event "Stuttgart-chA op"]
[Site "Ditzingen"]
[Date "2015.05.14"]
[Round "2"]
[White "Dgebuadze, Alexandre"]
[Black "Denisow, Jewgeny"]
[Result "1/2-1/2"]
[WhiteElo "2490"]
[BlackElo "2170"]
[PlyCount "46"]
[EventDate "2015.05.14"]
[EventType "swiss"]
[EventRounds "7"]
[EventCountry "GER"]
[SourceTitle "EXT 2018"]
[Source "ChessBase"]
[SourceDate "2017.10.13"]
[SourceVersion "1"]
[SourceVersionDate "2017.10.13"]
[SourceQuality "1"]

1. e4 e5 2. Nf3 Nc6 3. Bc4 Nf6 4. d3 h6 5. 0-0 Be7 6. Re1 0-0 7. Nbd2 d6 8. c3 Na5 9. Bb5 a6 10. Ba4 b5 11. Bc2 c5 12. Nf1 Be6 13. Ne3 Ng4 14. Nd5 Bxd5 15. exd5 Nf6 16. b4 Nb7 17. Nh4 Nxd5 18. Nf5 Bg5 19. Qf3 Bxc1 20. Raxc1 Nxc3 21. Bb3 e4 22. Qg4 Qf6 23. Re3 exd3 1/2-1/2

[Event "Staufer op-A 27th"]
[Site "Schwaebisch Gmuend"]
[Date "2015.01.06"]
[Round "9"]
[White "Denisow, Jewgeny"]
[Black "Fuss, Klaus"]
[Result "1/2-1/2"]
[WhiteElo "2197"]
[BlackElo "2095"]
[PlyCount "29"]
[EventDate "2015.01.02"]
[EventType "swiss"]
[EventRounds "9"]
[EventCountry "GER"]
[SourceTitle "CBM 164 Extra"]
[Source "ChessBase"]
[SourceDate "2015.03.02"]
[SourceVersion "1"]
[SourceVersionDate "2015.03.02"]
[SourceQuality "1"]

1. e4 c5 2. d4 cxd4 3. c3 Nf6 4. e5 Nd5 5. cxd4 e6 6. Nf3 Nc6 7. Bd3 d6 8. exd6 Bxd6 9. 0-0 0-0 10. Nc3 Nf4 11. Be4 a6 12. h4 Ng6 13. Ng5 h6 14. Bxg6 fxg6 15. d5 1/2-1/2

[Event "Oberliga Wuerttemberg 1112"]
[Site "Wuerttemberg"]
[Date "2012.02.05"]
[Round "6.3"]
[White "Denisow, Jewgeny"]
[Black "Pieper, Thomas"]
[Result "0-1"]
[WhiteElo "2213"]
[BlackElo "2232"]
[PlyCount "56"]
[EventDate "2011.10.09"]
[EventType "team-tourn"]
[EventRounds "9"]
[EventCountry "GER"]
[SourceTitle "EXT 2019"]
[Source "ChessBase"]
[SourceDate "2018.10.10"]
[SourceVersion "1"]
[SourceVersionDate "2018.10.10"]
[SourceQuality "1"]
[WhiteTeam "Schwaebisch Gmuend"]
[BlackTeam "Ulm Post"]
[WhiteTeamCountry "GER"]
[BlackTeamCountry "GER"]

1. e4 e5 2. Nf3 Nc6 3. d4 exd4 4. Bc4 Nf6 5. Ng5 d5 6. exd5 Qe7+ 7. Kf1 Ne5 8. Qxd4 h6 9. Ne4 Nxc4 10. Nxf6+ Qxf6 11. Qxc4 Bd6 12. Nc3 0-0 13. Bd2 b5 14. Qxb5 Bf4 15. Ne4 Qg6 16. Qa4 Bxd2 17. Nxd2 Rd8 18. Kg1 Bh3 19. Qe4 Bf5 20. Qc4 c6 21. c3 Rxd5 22. Nf3 Rad8 23. h3 Be4 24. Nh4 Rd1+ 25. Kh2 Qd6+ 26. g3 Bxh1 27. Nf5 Rxa1 28. Nxd6 Bd5 0-1

[Event "Oberliga Wuerttemberg 1112"]
[Site "Wuerttemberg"]
[Date "2011.10.23"]
[Round "2.3"]
[White "Denisow, Jewgeny"]
[Black "Trachtmann, Mark"]
[Result "1/2-1/2"]
[WhiteElo "2213"]
[BlackElo "2314"]
[PlyCount "58"]
[EventDate "2011.10.09"]
[EventType "team-tourn"]
[EventRounds "9"]
[EventCountry "GER"]
[SourceTitle "EXT 2019"]
[Source "ChessBase"]
[SourceDate "2018.10.10"]
[SourceVersion "1"]
[SourceVersionDate "2018.10.10"]
[SourceQuality "1"]
[WhiteTeam "Schwaebisch Gmuend"]
[BlackTeam "Schmiden Cannstatt"]
[WhiteTeamCountry "GER"]
[BlackTeamCountry "GER"]

1. e4 g6 2. h4 d5 3. exd5 Nf6 4. c4 c6 5. dxc6 Nxc6 6. Nf3 e5 7. Be2 e4 8. Nh2 Bg7 9. 0-0 0-0 10. d3 exd3 11. Bxd3 Nb4 12. Be2 Qxd1 13. Bxd1 Be6 14. Na3 Ne4 15. Bf3 f5 16. Re1 Nd3 17. Re2 Ndxf2 18. Be3 Nd3 19. Rb1 a6 20. Bb6 Rac8 21. Bxe4 fxe4 22. Rxe4 Rc6 23. Bd4 Nb4 24. Bxg7 Kxg7 25. Nf3 Bf7 26. Rd1 Rc7 27. Red4 Re7 28. Rd7 Rfe8 29. Ng5 Nxa2 1/2-1/2

[Event "Oberliga Wuerttemberg 1011"]
[Site "Wuerttemberg"]
[Date "2011.02.13"]
[Round "6"]
[White "Denisow, Jewgeny"]
[Black "Junger, Werner"]
[Result "1-0"]
[WhiteElo "2167"]
[BlackElo "2190"]
[PlyCount "91"]
[EventDate "2010.09.26"]
[EventType "team-tourn"]
[EventRounds "9"]
[EventCountry "GER"]
[SourceTitle "EXT 2019"]
[Source "ChessBase"]
[SourceDate "2018.10.10"]
[SourceVersion "1"]
[SourceVersionDate "2018.10.10"]
[SourceQuality "1"]
[WhiteTeam "Schwaebisch Gmuend"]
[BlackTeam "Ebersbach"]
[WhiteTeamCountry "GER"]
[BlackTeamCountry "GER"]

1. e4 e6 2. e5 d6 3. exd6 Bxd6 4. d4 Nf6 5. Bg5 Nbd7 6. Bd3 c5 7. dxc5 Bxc5 8. Qe2 h6 9. Bh4 Qa5+ 10. c3 Be7 11. Nf3 0-0 12. Nbd2 b6 13. 0-0 Bb7 14. Bb5 Bxf3 15. gxf3 a6 16. Bxd7 g5 17. Bc6 Rac8 18. b4 Qf5 19. Be4 Qh3 20. Bg3 Rxc3 21. Be5 Nh5 22. Rfd1 Bxb4 23. Rab1 Bc5 24. Nb3 Nf4 25. Bxf4 gxf4 26. Kh1 f5 27. Rg1+ Kf7 28. Qd2 Rxb3 29. axb3 fxe4 30. Qxf4+ Qf5 31. Qc7+ Be7 32. Rg3 Qc5 33. Qf4+ Bf6 34. fxe4 Ke7 35. Rc1 Be5 36. Qxf8+ Kxf8 37. Rxc5 bxc5 38. Rg6 Kf7 39. Rxh6 Bg7 40. Rh5 e5 41. Kg2 Kg6 42. Rf5 a5 43. Rf3 Bf6 44. Rd3 Be7 45. Rd7 Kf6 46. Rb7 1-0